000 00627nam a2200205 4500
001 138558
003 ES-MaACL
005 20230906195604.0
007 t|
008 070214s1986 sp r ||||1| spa d
100 1 _aSantacoloma Sanz, Juan Francisco.
_9103255
245 1 0 _aModelos macroeconómicos
_b: ejercicios resueltos /
_cJuan Francisco Santacoloma Sanz.
260 _aDeusto :
_bUniversidad,
_c1986.
300 _a209 p. ;
_c23 cm.
490 1 _aEconomía ;
_v12
710 2 _aUniversidad de Deusto.
_97172
830 0 _aEconomía ;
_v12
_9177792
852 _aES-MaACL
_jL-10485
_bR.111961
999 _c138558
_d138558